Способ переработки гексафторида урана на металлический уран

Dades bibliogràfiques
Autor corporatiu: Томский политехнический университет (ТПУ) Научно-исследовательский институт высоких напряжений (НИИВН)
Altres autors: Ремнев Г. Е. Геннадий Ефимович, Пушкарёв А. И. Александр Иванович, Пушкарёв М. И. Максим Иванович, Красильников В. А., Гузеева Т. И. Татьяна Ивановна
Sumari:опубл. 27.01.04
Изобретение относится к технологии переработки гекасафторида урана на металлический уран. Гексафторид урана и газ-носитель подают в неравновесную плазму, в объеме реактора организуют протекание экзотермических реакций, колебательно-возбужденные продукты которых участвуют в диссоциации молекул гексафторида урана.
Idioma:rus
Publicat:
Matèries:
Accés en línia:http://www1.fips.ru/fips_servl/fips_servlet?DB=RUPAT&rn=9464&DocNumber=2222625&TypeFile=html
Format: MixedMaterials Electrònic Llibre
KOHA link:https://koha.lib.tpu.ru/cgi-bin/koha/opac-detail.pl?biblionumber=643698

MARC

LEADER 00000nlm0a2200000 4500
001 643698
005 20240724153241.0
029 1 0 |a RU  |b 2222625  |c Пат.  |d МПК C 22 B 60/02  |d МПК C 22 B 5/12 
035 |a (RuTPU)RU\TPU\network\8695 
035 |a RU\TPU\network\8693 
039 0 |a RU  |b 2002106474/02  |c 20020312 
090 |a 643698 
100 |a 20150924j20040127k y0rusy50 ca 
101 0 |a rus 
102 |a RU 
105 |a a k 000zy 
135 |a drcn ---uucaa 
181 0 |a i  
182 0 |a b 
200 1 |a Способ переработки гексафторида урана на металлический уран  |f Г. Е. Ремнев [и др.]  |g Научно-исследовательский институт высоких напряжений (НИИВН) 
203 |a Текст  |c электронный 
300 |a опубл. 27.01.04 
330 |a Изобретение относится к технологии переработки гекасафторида урана на металлический уран. Гексафторид урана и газ-носитель подают в неравновесную плазму, в объеме реактора организуют протекание экзотермических реакций, колебательно-возбужденные продукты которых участвуют в диссоциации молекул гексафторида урана. 
610 1 |a патенты 
610 1 |a труды учёных ТПУ 
610 1 |a электронный ресурс 
610 1 |a изобретения 
610 1 |a уран 
610 1 |a плазменное востановление 
610 1 |a гексафторид урана 
610 1 |a способы 
701 1 |a Ремнев  |b Г. Е.  |c физик  |c профессор Томского политехнического университета, доктор технических наук  |f 1948-  |g Геннадий Ефимович  |3 (RuTPU)RU\TPU\pers\22004 
701 1 |a Пушкарёв  |b А. И.  |c физик  |c профессор Томского политехнического университета, доктор физико-математических наук  |c старший научный сотрудник НИИ ВН Томского политехнического университета  |f 1954-  |g Александр Иванович  |3 (RuTPU)RU\TPU\pers\26414  |9 12118 
701 1 |a Пушкарёв  |b М. И.  |c специалист в области автоматического управления  |c ассистент кафедры Томского политехнического университета  |f 1987-  |g Максим Иванович  |3 (RuTPU)RU\TPU\pers\29785 
701 1 |a Красильников  |b В. А. 
701 1 |a Гузеева  |b Т. И.  |c химик-технолог  |c профессор Томского политехнического университета, доктор технических наук  |f 1948-  |g Татьяна Ивановна  |3 (RuTPU)RU\TPU\pers\25574 
712 0 2 |a Томский политехнический университет (ТПУ)  |b Научно-исследовательский институт высоких напряжений (НИИВН)  |3 (RuTPU)RU\TPU\col\3249 
801 1 |a RU  |b 63413507  |c 20120201 
801 2 |a RU  |b 63413507  |c 20160606  |g RCR 
856 4 |u http://www1.fips.ru/fips_servl/fips_servlet?DB=RUPAT&rn=9464&DocNumber=2222625&TypeFile=html 
942 |c CF